Rock and Metal band by drummer - Statistics

General Stats
  • This quiz has been taken 71 times
  • The average score is 8 of 14
Answer Stats
Drummer Band % Correct
Lars Ulrich Metallica
97%
Alex Van Halen Van Halen
97%
Chad Canning / Dave Grohl Nirvana
94%
Mick Fleetwood Fleetwood Mac
92%
John Bonham Led Zeppelin
86%
Bill Ward Black Sabbath
66%
Don Henley Eagles
63%
Nick Mason Pink Floyd
59%
Ian Paice Deep Purple
56%
Nicko McBrain Iron Maiden
56%
Matt Cameron Pearl Jam
33%
Sean Kinney Alice in Chains
19%
Pick Withers Dire Straits
13%
Scott Phillips Creed
8%
No matching quizzes found
Score Distribution
Percent of People with Each Score
Percentile by Number Answered
Your Score History
You have not taken this quiz